| 000 | 01594nam a22002415a 4500 | ||
|---|---|---|---|
| 003 | OSt | ||
| 005 | 20170506120546.0 | ||
| 008 | 160822s2016 ua frbf f000 0 ara d | ||
| 015 | _a2000 / 18942 | ||
| 040 |
_aEG-ScBUE _bara _cEG-ScBUE |
||
| 043 | _af-ua--- | ||
| 082 | 0 | 4 |
_a342.6206 _bأ ب و _222 |
| 100 | 1 | _aأبو العينين، محمد ماهر. | |
| 245 | 1 | 2 |
_aالموسوعة الشاملة في القضاء الإداري / _cمحمد ماهر أبو العينين. |
| 260 |
_aالقاهرة : _bالمركز القومي للإصدارات القانونية، _c2016. |
||
| 300 |
_a6 مج. ؛ _c24 سم. |
||
| 504 | _aيشتمل على إرجاعات ببليوجرافية. | ||
| 505 | 0 | _aمج. 1. دعوى الإلغاء أما مجلس الدولة (أ)، أسباب وقف تنفيذ القرار الإداري -- مج. 2. دعوى الإلغاء أما مجلس الدولة (ب)، أسباب وقف تنفيذ القرار الإداري -- مج. 3. التعويض عن أعمال السلطات العامة -- مج. 4. الخصومة في الدعوى الإدارية، الإثبات أمام القاضي الإداري -- عمل هيئة المفوضين -- مج. 5. الدفوع أمام قضاء مجلس الدولة -- مج. 6. طرق الطعن في الأحكام وأسبابها وإجراءاتها، أسباب بطلان الأحكام ودوى البطلان الأصلية، ملحق الصيغ القانونية. | |
| 650 | 7 |
_aالقضاء الإداري _zمصر. _2BUEsh _940633 |
|
| 651 | _2BUEsh | ||
| 653 |
_bLLAAWW _cMay2017 |
||
| 942 | _2ddc | ||
| 999 |
_c24777 _d24749 |
||